000 00714nac a22002051u 4500
010 _a 94049369
020 _a020151284X
082 0 0 _a005.133
_bCAR
090 _c5976
_d5976
100 _aCarroll, Martin D.
245 1 0 _aDesigning and coding reusable C++ /
_cMartin D. Carroll, Margaret A. Ellis.
260 _aReading, Mass. :
_bAddison-Wesley,c1995.
_cc1995.
300 _axvi, 317 p. :
_bill. ;
_c24 cm.
500 _aDistributer: Al-Ahram.
504 _aIncludes bibliographical references (p. [295]-302) and index.
511 _aCatalogued By: Mahitab.
650 0 _aC++ (Computer program language)
700 1 _aEllis, Margaret A.
942 _cBB
_k005.133CAR
999 _c5976
_d5976